00760nam a2200241 a 4500001001300000003000900013005001700022008004100039020001000080082001700090100003100107245007400138260004100212300000900253500003500262505001000297650002800307700003100335902000800366942000700374952012000381999001700501nice12345678IN_TiNIC20260116015214.0050524s1988 ohia grp 000 0 eng  ac10000a305.235bLIO aLions Club International,  aSkills for Adolescenceb Activities and Assignments, Student Workbook aOhiobLions Club Internationalc1988 a136p aincludes index and biblioraphy2 aIndex aYoung Adults-Life Skill1 aLions Club International,  bSRS cBK 001040708StackRoom-aHMIbHMId2007-03-20g100.00l0o305.235 LIOp11001308r2007-03-20v100.00w2005-05-24yBK c18757d18757